Geography Quiz

Random Geography or World Quiz

Country by 'C' City Quiz Stats

 Plays Quiz not verified by Sporcle

Score 0/16 Timer 04:00
0 Plays Today
Question Answer Wrong Answers
China Chengdu
94.4%
Catania
2%
Córdoba
1.1%
Conakry
1.3%
Mexico Chihuahua
94.1%
Chongqing
1%
Cleveland
0.4%
Carrefour
1.8%
Brazil Cuiabá
93.2%
Cannes
1.8%
Cairns
2.1%
Chania
2%
United Kingdom Coventry
92.8%
Canberra
3.2%
Cagliari
1.3%
Campinas
0.7%
Russia Cheboksary
89.5%
Casablanca
3.7%
Cincinnati
0.4%
Cheltenham
3%
United States Cheyenne
88.1%
Castries
2.9%
Cape Town
2.1%
Chartres
4.3%
France Caen
88.1%
Cali
5.8%
Cork
3.2%
Chur
2.7%
New Zealand Christchurch
86.3%
Chesterfield
2.4%
Central Coast
4.9%
Corpus Christi
2.6%
Sri Lanka Colombo
76.1%
Cologne
2.6%
Chicago
0.8%
Chennai
18.8%
Romania Cluj-Napoca
70.1%
Copenhagen
6.1%
Cap-Haïtien
8.1%
Concepción
12.1%
Germany Castrop-Rauxel
69.7%
Civitavecchia
3.7%
Charlottetown
3.4%
Châlons-en-Champagne
19%
Bangladesh Chittagong
66.2%
Chula Vista
3.9%
Chelmsford
1.7%
Chandigarh
24.7%
Peru Cusco
65.5%
Chiba
8.2%
Cádiz
14.9%
Chita
10.7%
Algeria Constantine
58.5%
Chelyabinsk
15.2%
Częstochowa
8.3%
Chateauroux
14.3%
Ghana Cape Coast
48.9%
Charlotte
2.8%
Constanța
5.8%
Comayagua
39.6%
Philippines Caloocan
44.8%
Columbus
7.6%
Curitiba
22.3%
Camagüey
22.9%

You're not logged in!

Compare scores with friends on all Sporcle quizzes.
OR
Log In

Show Comments

Extras

Top Quizzes Today


Score Distribution

Your Account Isn't Verified!

In order to create a playlist on Sporcle, you need to verify the email address you used during registration. Go to your Sporcle Settings to finish the process.

Report this User

Report this user for behavior that violates our Community Guidelines.

Details: